| 000 | 00558nam a2200193Ii 4500 | ||
|---|---|---|---|
| 003 | JO-AjNU | ||
| 008 | 230606s9999||||xx |||||||||||||| ||und|| | ||
| 020 | _a978-0684-80146-9 | ||
| 040 |
_aJO-AjNU _beng _erda _cJO-AjNU |
||
| 041 | _aeng | ||
| 050 | 1 | 4 | _aPS3515 2003 |
| 245 | 0 | 0 | _aErnest Hemingway Afarewell to arms |
| 264 | 3 | 1 | _aNew york :Scribner ,2003 |
| 300 | _a332p | ||
| 336 |
_atext _btxt _2rdacontent |
||
| 337 |
_aunmediated _bn _2rdamedia |
||
| 338 |
_avolume _bnc _2rdacarrier |
||
| 650 | 4 |
_aHemingway, Ernest, 1899-1961. Farewell to arms. _91613 |
|
| 999 |
_aE846 _c846 _d846 |
||